部首为木的常见中文汉字 Common Chinese characters with the radical “Wood” - Statistics

General Stats
  • This quiz has been taken 23 times
  • The average score is 119 of 307
Answer Stats
拼音首字母 笔画数 汉字 % Correct
l 8
90%
s 12
90%
m 4
85%
s 9
85%
y 7
85%
c 7
80%
b 9
75%
ɡ 7
75%
j 6
75%
l 7
75%
l 9
75%
l 11
75%
s 8
75%
z 9
75%
a 10
70%
b 12
70%
h 10
70%
l 9
70%
p 6
70%
s 7
70%
t 10
70%
x 7
70%
y 13
70%
b 5
65%
b 8
65%
b 9
65%
f 8
65%
ɡ 10
65%
k 9
65%
m 11
65%
s 5
65%
t 10
65%
y 15
65%
z 5
65%
z 8
65%
c 7
60%
c 8
60%
c 16
60%
d 7
60%
ɡ 8
60%
ɡ 10
60%
ɡ 12
60%
h 13
60%
j 10
60%
k 12
60%
l 11
60%
l 14
60%
p 8
60%
p 8
60%
q 8
60%
q 10
60%
s 9
60%
w 11
60%
x 8
60%
x 9
60%
y 9
60%
z 15
60%
a 10
55%
b 8
55%
c 7
55%
d 9
55%
ɡ 7
55%
j 9
55%
j 16
55%
l 9
55%
l 10
55%
m 12
55%
m 14
55%
m 17
55%
n 9
55%
q 6
55%
q 7
55%
r 14
55%
t 11
55%
x 11
55%
y 10
55%
z 7
55%
z 9
55%
z 10
55%
z 12
55%
b 14
50%
b 14
50%
c 13
50%
ɡ 9
50%
ɡ 10
50%
ɡ 10
50%
ɡ 12
50%
ɡ 12
50%
h 8
50%
h 10
50%
j 7
50%
j 8
50%
j 9
50%
j 11
50%
j 15 槿
50%
k 9
50%
k 14
50%
l 9
50%
l 13
50%
s 9
50%
s 10
50%
s 11
50%
s 11
50%
t 11
50%
x 10
50%
x 15
50%
y 8
50%
y 12
50%
z 10
50%
z 11
50%
z 12
50%
b 9
45%
b 10
45%
c 9
45%
c 10
45%
c 13 椿
45%
d 10
45%
d 12
45%
f 8
45%
ɡ 8
45%
ɡ 11
45%
ɡ 15
45%
h 15
45%
l 11
45%
l 12
45%
l 12
45%
l 13
45%
m 5
45%
m 13
45%
n 13
45%
p 12
45%
q 10
45%
s 11
45%
w 8
45%
x 6
45%
x 10
45%
y 12
45%
z 8
45%
z 9
45%
z 9
45%
z 10
45%
z 10
45%
z 12
45%
z 14
45%
c 8
40%
c 13
40%
ɡ 9
40%
j 12
40%
k 10
40%
k 13
40%
l 9
40%
m 8
40%
q 12
40%
r 10
40%
s 8
40%
t 9
40%
t 17
40%
w 5
40%
z 6
40%
z 9
40%
z 9
40%
c 16
35%
d 6
35%
f 11
35%
ɡ 8
35%
ɡ 8
35%
ɡ 11
35%
j 8
35%
j 10
35%
l 7
35%
l 7
35%
l 12
35%
l 12
35%
l 13
35%
l 16
35%
p 9
35%
r 9
35%
s 7
35%
s 11
35%
s 14
35%
t 12
35%
w 10
35%
x 13
35%
x 14
35%
y 10
35%
z 10
35%
z 14
35%
a 8
30%
b 6
30%
b 12
30%
c 12
30%
c 13
30%
c 13
30%
c 15
30%
ɡ 10
30%
h 10
30%
j 9
30%
j 9
30%
j 10
30%
l 8
30%
m 11
30%
q 13
30%
q 16
30%
r 9
30%
s 7
30%
s 10
30%
s 14
30%
t 9
30%
t 10
30%
z 6
30%
z 13
30%
z 16
30%
b 9
25%
b 10
25%
c 18
25%
d 9
25%
f 11
25%
ɡ 14
25%
j 11
25%
l 10
25%
m 8
25%
p 13
25%
q 9
25%
q 14
25%
q 15
25%
t 7
25%
t 14
25%
t 15
25%
w 7
25%
z 8
25%
z 9
25%
z 12
25%
b 12
20%
c 8
20%
c 9
20%
d 12
20%
ɡ 10
20%
h 10
20%
j 10
20%
j 13
20%
l 9
20%
l 10
20%
l 13
20%
q 16
20%
r 8
20%
s 6
20%
x 8
20%
x 9
20%
x 16
20%
y 13
20%
y 17
20%
z 8
20%
b 9
15%
b 10
15%
b 17
15%
c 12
15%
c 13
15%
f 12
15%
f 14
15%
f 15
15%
ɡ 13
15%
h 15
15%
j 13
15%
k 10
15%
k 11
15%
m 9
15%
p 9
15%
q 10
15%
q 15
15%
t 11
15%
x 14
15%
x 17
15%
y 16
15%
z 13
15%
z 14
15%
j 12
10%
l 17
10%
l 17
10%
m 7
10%
n 8
10%
n 9
10%
q 12
10%
q 16
10%
t 11
10%
t 12
10%
x 9
10%
x 13
10%
y 16
10%
z 10
10%
c 14
5%
c 15
5%
d 13
5%
j 12
5%
j 12
5%
j 15
5%
j 16
5%
t 18
5%
b 11
0%
b 17
0%
c 11
0%
c 23
0%
ɡ 10
0%
j 10
0%
m 15
0%
q 16
0%
t 16
0%
z 15
0%
No matching quizzes found
Score Distribution
Percent of People with Each Score
Percentile by Number Answered
Your Score History
You have not taken this quiz